Word Ladder: Homophones III Quiz Stats

 Plays Quiz Updated May 1, 2013

Support Sporcle.
Go Orange.
Score 0/16 Timer 02:00
0 Plays Today
CLUE 4-LETTER WORD % Correct
NOT the grizzlyBARE
98%
But DEFINITELY naked!BARE
98%
NOT the opposite of leftRITE
88.2%
NOT the thing you lure fish withBATE
81.5%
NOT the metal thing trains travel onRALE
81.2%
NOT the square root of 16FORE
80%
NOT how you get water from a pitcherPORE
75.7%
NOT singer BonnieRATE
70.9%
CLUE 4-LETTER WORD % Correct
NOT a county agriculture showFARE
70.4%
NOT the canvassing of votersPOLE
69.2%
NOT one of the five sensesSITE
69.1%
NOT something doughy served with dinnerROLE
67.8%
NOT what you did with your penROTE
66.9%
NOT something you run up the mastSALE
66.7%
NOT a billboard, omen or portentSINE
62.7%
NOT a river in FranceSANE
54.6%

Today's Daily Dose

Missing Word
'80s Musicals

Word Ladder
Hereditary

Get the Picture
Food Names

From the Vault

Complete the 1960s TV Show

by DIEGO1000

This is one surefire way to Get Smart.
Remove Ads.
Support Sporcle.
Get the best of Sporcle when you Go Orange. This ad-free experience offers more features, more stats, and more fun while also helping to support Sporcle. Thank you for becoming a member.

Show Comments

Extras

Top Quizzes Today


Score Distribution

Your Account Isn't Verified!

In order to create a playlist on Sporcle, you need to verify the email address you used during registration. Go to your Sporcle Settings to finish the process.

Report this User

Report this user for behavior that violates our Community Guidelines.

Details: